000 01530nam a22002177a 4500
003 IT-MiCISF
005 20260109115912.0
008 260109b |||||||| |||| 00| 0 eng d
020 _a9788892249790
040 _cIT-MiCISF
100 _aPapa Leone XIV
_963127
245 _aDilexi te.
_bEsortazione apostolica sull'amore verso i poveri.
_cGuida alla lettura di Mons. Vincenzo Paglia
260 _aCinisello B. (MI),
_bSan Paolo,
_c2025
300 _app. 175
500 _amagistero, società, stratificazione-sociale, emarginazione, chiesa, bibbia, storia
501 _aIndici a cura di Giuliano Vigini
520 _aDilexi Te è la prima esortazione apostolica di Papa Leone XIV, documento incentrato sull’amore verso i poveri, in continuità con l’enciclica Dilexit Nos di Papa Francesco. Un testo rivolto a tutti i cristiani. «Avendo ricevuto come in eredità questo progetto, sono felice di farlo mio - aggiungendo alcune riflessioni - e di proporlo ancora all’inizio del mio pontificato, condividendo il desiderio dell’amato Predecessore che tutti i cristiani possano percepire il forte nesso che esiste tra l’amore di Cristo e la sua chiamata a farci vicini ai poveri». «L’amore per i poveri è un elemento essenziale della storia di Dio con noi e, dal cuore stesso della Chiesa, prorompe come un continuo appello ai cuori dei credenti». Un’edizione speciale che si avvale della Guida alla lettura di Mons. Vincenzo Paglia.
650 _aPastorale
654 _adocumento
942 _2ddc
_cBK
999 _c360699
_d360699